| 000 | 00877cam a2200301Ia 4500 | ||
|---|---|---|---|
| 001 | ocn465127670 | ||
| 003 | OSt | ||
| 005 | 20140310182757.0 | ||
| 008 | 091111s2010 si a b 001 0 eng d | ||
| 020 | _a9780071272148 (pbk.) | ||
| 020 | _a0071272143 (pbk.) | ||
| 035 | _aCUA000296304 | ||
| 040 |
_aSINPL _cSINPL _dSISMU _dYDXCP _dCVU |
||
| 049 | _aCVUA | ||
| 050 |
_aHD 57.7 _b.L455 2010 |
||
| 090 |
_aHD57.7 _bL455 2010 |
||
| 245 | 0 | 0 |
_aLeadership in Asia : _bchallenges and opportunities / _cedited by Dave Ulrich. |
| 260 |
_aSingapore : _bMcGraw Hill, _cc2010. |
||
| 300 |
_axviii, 277 p. : _bill. ; _c21 cm. |
||
| 521 | _aBSBA | ||
| 650 | 0 |
_aLeadership _zAsia. |
|
| 650 | 0 |
_aPolitical leadership _zAsia. |
|
| 651 | 0 |
_aAsia _xEconomic integration. |
|
| 700 | 1 |
_aUlrich, David, _d1953- |
|
| 910 | _a20110210/w/n;ckc | ||
| 942 |
_2lcc _cBK _kFOR |
||
| 999 |
_c15885 _d15885 |
||